000 01514pab a2200217 454500
008 180718b2009 xxu||||| |||| 00| 0 eng d
100 _aAzmal, Fara
245 _aIntegrated governance: a pre-requisitye for sustainable market-oriented development in Bangladesh
260 _c2009
300 _ap.829-51.
362 _aAug
520 _aUsing agriculture input sector as an exemplar, this article assesses Babgkadesg's efforts towards a market-oriented development approach. It examines the changing role of the state following the market-based reforms undertaken in this sector and assesses whether the outcomes of the reforms are sustainable. Findings reveal that, although the current move towards a market-oriented approach has led to a shift away from a state-dominated hierarchical structure, it has not been associated with adequate changes in institutional arrangements, safeguards, and regulation. As a result, despite notable achievements of the reforms, the sustainability of these successes is in question. To facilitate participatory, accountable, and sustainable, market-oriented development, the paper proposes an integrated governance model linking state, business, and civil society. - Reproduced.
650 _aSustainable development - Bangladesh
650 _aPublic administration - Bangladesh
650 _aPublic administration
700 _aCoghill, Ken
700 _aAlam, Quamrul
773 _aInternational Journal of Public Administration
908 _aN
909 _a84130
999 _c84130
_d84130